Guess the Fusion Rock Song Lyrics #28 - Statistics

General Stats
  • This quiz has been taken 19 times
  • The average score is 127 of 163
Answer Stats
Answer % Correct
a
100%
I
100%
And
94%
It
94%
it
94%
it's
94%
It's
94%
the
94%
The
94%
is
88%
say
88%
Beatles
82%
sun
82%
Sun
82%
alright
76%
comes
76%
Here
76%
here
76%
Little
76%
been
71%
darling
71%
seems
71%
cold
65%
like
65%
lonely
65%
long
65%
that
65%
to
65%
winter
65%
doo
59%
feel
59%
feels
59%
melting
59%
since
59%
slowly
59%
years
59%
clear
53%
ice
53%
faces
35%
smiles
35%
returning
29%
No matching quizzes found
Score Distribution
Percent of People with Each Score
Percentile by Number Answered
Your Score History
You have not taken this quiz